[Event "Sainte Marie op"]
[Site "Sainte Marie"]
[Date "2005.10.20"]
[Round "6"]
[White "Foudrin, Thomas"]
[Black "Besnus, Emmanuel"]
[Result "0-1"]
[WhiteElo "1199"]
[BlackElo "1836"]
[PlyCount "46"]
[EventDate "2005.10.15"]
[EventType "swiss"]
[EventRounds "9"]
[EventCountry "FRA"]
[SourceTitle "EXT 2006"]
[Source "ChessBase"]
[SourceDate "2005.11.24"]
[SourceVersion "1"]
[SourceVersionDate "2005.11.24"]
[SourceQuality "1"]

1. d4 g6 2. c4 Bg7 3. e3 c5 4. Nf3 cxd4 5. exd4 d6 6. b3 Nf6 7. Bd3 0-0 8. h3 Nc6 9. Bb2 a6 10. 0-0 Bd7 11. Bc3 Rc8 12. Nbd2 Na7 13. Re1 b5 14. Rb1 Re8 15. Re3 Qb6 16. Qe2 e6 17. a4 Nh5 18. a5 Qc7 19. Ng5 Bc6 20. Nxe6 fxe6 21. Rxe6 Nf4 22. Rxe8+ Rxe8 23. Be4 Nxe2+ 0-1

[Event "Sainte Marie op"]
[Site "Sainte Marie"]
[Date "2005.10.19"]
[Round "5"]
[White "Ungamah, Thomas Krishna"]
[Black "Foudrin, Thomas"]
[Result "0-1"]
[WhiteElo "1099"]
[BlackElo "1199"]
[PlyCount "34"]
[EventDate "2005.10.15"]
[EventType "swiss"]
[EventRounds "9"]
[EventCountry "FRA"]
[SourceTitle "EXT 2006"]
[Source "ChessBase"]
[SourceDate "2005.11.24"]
[SourceVersion "1"]
[SourceVersionDate "2005.11.24"]
[SourceQuality "1"]

1. e4 e5 2. Nf3 Nc6 3. Bc4 Bc5 4. 0-0 Nf6 5. Nc3 a6 6. a3 b5 7. b4 Bb6 8. Be2 d5 9. d3 d4 10. Nd5 Nxd5 11. exd5 Qxd5 12. Bg5 h6 13. Bh4 g5 14. Bg3 Bb7 15. Rc1 g4 16. Nxe5 Nxe5 17. Re1 Qxg2# 0-1